000 00862nam a22002777a 4500
001 00002566
003 DO-SdBNP
005 20180326134051.0
007 00002566
008 151021b sp 1992 00| 0 spa d
020 _a8434830957
040 _aBPMSU
_bspa
_cBPMSU
100 1 _aDíaz, Gloria Cecilia
245 1 0 _aLa bruja de la montaña /
_cGloria Cecilia Díaz ; Ilustraciones de Emilio Urberuaga.
250 _a4ª ed.
260 _aMadrid :
_bEdiciones SM,
_c1992.
300 _a61 p. :
_bil. ;
_c20 cm.
490 1 _aBarco de vapor
_v195
500 _aIncluye datos biográficos de la autora en la solapa de la contracubierta.
700 1 2 _aUrberuaga, Emilio,
_eil.
830 0 _aBarco de vapor, blanca
_v195
830 0 _aSerie blanca
_v37
942 _2ddc
_cBK
945 _aInventariado, 2018 /LP
956 _aVMATEO
_210
_320151124
_hBPMSU
_800151
999 _c8892
_d8892